LDR 00875naa#a2200193#i#450# 001 RU\INFRA-M\bibl\49588 005 20260416012223.4 011 ## _a2500-0535 100 ## _a20220930b2022####ek#y0rusy0150####ca 101 0# _aENG 102 ## _aRU 200 1# _aIonospheric response to the passage of typhoons observed by subionospheric VLF radio signals _eЖурнальная статья 210 1# _aМосква _cОбщество с ограниченной ответственностью «Научно-издательский центр ИНФРА-М» _d2022 215 ## _a6 с. 608 ## _aЖурнальная статья _2local 675 ## _aГеология. Геологические и геофизические науки. 55 _zENG 700 #1 _aШалимов _gСергей Львович 700 #1 _aСоловьева _gМария Сергеевна 856 4# _anaukaru.ru _u